<?xml version="1.0" encoding="UTF-8" ?>
<collection xmlns="http://www.loc.gov/MARC21/slim"><record><leader>01427nam a2200325   4500</leader><controlfield tag="001">232290</controlfield><controlfield tag="003">CH-000273-5</controlfield><controlfield tag="005">20260521151711.0</controlfield><datafield tag="020" ind1=" " ind2=" "><subfield code="a">978-3-03942-312-5</subfield></datafield><datafield tag="040" ind1=" " ind2=" "><subfield code="a">CH-000273-5</subfield><subfield code="b">ger</subfield><subfield code="e">rda</subfield></datafield><datafield tag="041" ind1="0" ind2=" "><subfield code="a">ger</subfield></datafield><datafield tag="245" ind1="0" ind2="0"><subfield code="a">Stoecklin - Moser - Gagliardi</subfield><subfield code="b">Reflexionen aus dem beständigen Leben</subfield><subfield code="c">herausgegeben von Andrea Lutz und David Schmidhauser</subfield></datafield><datafield tag="264" ind1=" " ind2="1"><subfield code="a">Winterthur</subfield><subfield code="b">Kunst Museum Winterthur</subfield><subfield code="a">Zürich</subfield><subfield code="b">Verlag Scheidegger &amp; Spiess AG</subfield><subfield code="c">[2025]</subfield></datafield><datafield tag="300" ind1=" " ind2=" "><subfield code="a">159 Seiten</subfield><subfield code="c">22 cm</subfield></datafield><datafield tag="336" ind1=" " ind2=" "><subfield code="a">Text</subfield><subfield code="b">txt</subfield><subfield code="2">rdacontent</subfield></datafield><datafield tag="336" ind1=" " ind2=" "><subfield code="a">unbewegtes Bild</subfield><subfield code="b">sti</subfield><subfield code="2">rdacontent</subfield></datafield><datafield tag="337" ind1=" " ind2=" "><subfield code="a">ohne Hilfsmittel zu benutzen</subfield><subfield code="b">n</subfield><subfield code="2">rdamedia</subfield></datafield><datafield tag="338" ind1=" " ind2=" "><subfield code="a">Band</subfield><subfield code="b">nc</subfield><subfield code="2">rdacarrier</subfield></datafield><datafield tag="600" ind1="1" ind2="7"><subfield code="a">Stoecklin, Niklaus</subfield><subfield code="d">1896-1982</subfield><subfield code="x">Malerei</subfield><subfield code="y">Geschichte 1914-1954</subfield><subfield code="2">gnd</subfield></datafield><datafield tag="600" ind1="1" ind2="7"><subfield code="a">Moser, Liselotte</subfield><subfield code="d">1906-1983</subfield><subfield code="x">Malerei</subfield><subfield code="y">Geschichte 1928-1967</subfield><subfield code="2">gnd</subfield></datafield><datafield tag="600" ind1="1" ind2="7"><subfield code="a">Gagliardi, Louisa</subfield><subfield code="d">1989-</subfield><subfield code="x">Malerei</subfield><subfield code="y">Geschichte 2023-2025</subfield><subfield code="2">gnd</subfield></datafield><datafield tag="655" ind1=" " ind2="7"><subfield code="a">Ausstellungskatalog</subfield><subfield code="x">Kunst Museum Winterthur</subfield><subfield code="y">04.10.2025-08.02.2026</subfield><subfield code="z">Winterthur</subfield><subfield code="2">gnd-content</subfield></datafield><datafield tag="655" ind1=" " ind2="7"><subfield code="a">Bildband</subfield><subfield code="2">gnd-content</subfield></datafield><datafield tag="700" ind1="1" ind2=" "><subfield code="a">Stoecklin, Niklaus</subfield><subfield code="d">1896-1982</subfield><subfield code="e">Künstler</subfield><subfield code="4">art</subfield></datafield><datafield tag="700" ind1="1" ind2=" "><subfield code="a">Moser, Liselotte</subfield><subfield code="d">1906-1983</subfield><subfield code="e">Künstler</subfield><subfield code="4">art</subfield></datafield><datafield tag="700" ind1="1" ind2=" "><subfield code="a">Gagliardi, Louisa</subfield><subfield code="d">1989-</subfield><subfield code="e">Künstler</subfield><subfield code="4">art</subfield></datafield><datafield tag="700" ind1="1" ind2=" "><subfield code="a">Lutz, Andrea</subfield><subfield code="d">1982-</subfield><subfield code="e">Herausgeber</subfield><subfield code="4">edt</subfield></datafield><datafield tag="700" ind1="1" ind2=" "><subfield code="a">Schmidhauser, David</subfield><subfield code="d">1984-</subfield><subfield code="e">Herausgeber</subfield><subfield code="4">edt</subfield></datafield><datafield tag="710" ind1="2" ind2=" "><subfield code="a">Kunst Museum Winterthur</subfield><subfield code="e">Veranstalter</subfield><subfield code="4">orm</subfield></datafield><datafield tag="852" ind1="4" ind2=" "><subfield code="a">CH-000273-5</subfield><subfield code="c">A 2026/0044</subfield></datafield></record></collection>